Podnikanie pre stredné odborné školy

Saved in:
Bibliographic Details
Main Author: Krošláková, Monika, 1975-
Other Authors: Orgonáš, Jozef, 1957-, Paholková, Barbora, Strážovská, Helena, Šúbertová, Elena, Kováčiková, Darina, Kovalčíková, Zdenka, Krošláková, Janka
Format: Book
Language:Slovak
Published: Bratislava EXPOL pedagogika 2017
Edition:1. vyd.
Subjects:
Tags: Add Tag
No Tags, Be the first to tag this record!

MARC

LEADER 00000nam a2200000 4500
001 0239062
005 20240502073854.0
020 |a 978-80-8091-472-1 
041 0 |a slo 
044 |a SK 
245 1 0 |a Podnikanie pre stredné odborné školy  |c Monika Krošláková a kolektív ; recenzenti: Darina Kováčiková, Zdenka Kovalčíková, Janka Krošláková 
250 |a 1. vyd. 
264 1 |a Bratislava  |b EXPOL pedagogika  |c 2017 
300 |a 112 s. [6,55 AH] 
610 2 0 |a podnikanie 
610 2 0 |a podnik 
610 2 0 |a formy podnikov 
610 2 0 |a podnikanie živnostenské 
610 2 0 |a prostredie podnikateľské 
610 2 0 |a zdroje finančné 
610 2 0 |a manažment 
610 2 0 |a marketing 
610 2 0 |a plán podnikateľský 
610 2 0 |a školy stredné odborné 
100 1 |a Krošláková, Monika, 1975- 
700 1 |a Orgonáš, Jozef, 1957- 
700 1 |a Paholková, Barbora 
700 1 |a Strážovská, Helena 
700 1 |a Šúbertová, Elena 
700 1 |a Kováčiková, Darina 
700 1 |a Kovalčíková, Zdenka 
700 1 |a Krošláková, Janka